Derecho social y género: el camino hacia la igualdad efectiva en las relaciones sociolaborales

Bewaard in:
Bibliografische gegevens
Hoofdauteur: Perán Quesada, Salvador (Auteur)
Coauteur: Universidad de Malaga (Auteur)
Formaat: Boek
Taal:Spaans
Gepubliceerd in: Pamplona Aranzadi 2014
Editie:1a. ed
Reeks:Estudios
Onderwerpen:
Tags: Voeg label toe
Geen labels, Wees de eerste die dit record labelt!

MARC

LEADER 00000cam a2200000 a 4500
001 UCE5465
003 CL-VaPUC
008 150109e20140000sp |||||||||||||||||spa|d
020 |a 9788490596203 
082 0 4 |a 344.01  |b PER  |2 21 
100 0 |a Perán Quesada, Salvador  |e author  |9 578111 
110 2 |a Universidad de Malaga  |e author  |9 578112 
245 1 0 |a Derecho social y género: el camino hacia la igualdad efectiva en las relaciones sociolaborales 
250 |a 1a. ed 
300 |a 298 p 
942 |c BK 
945 |d 20150109 08:57:00  |a arojas 
260 |a Pamplona  |b Aranzadi  |c 2014 
650 7 |a DERECHO SOCIAL  |2 CL-VaPUC  |9 256772 
650 0 |a Igualdad de género   |9 546896 
650 0 |a Relaciones laborales   |9 335971 
650 0 |a Relaciones sociales  |9 376480 
650 0 |a Jurisprudencia  |9 255952 
583 |a last modification  |c 20150109 08:57:00  |k Rodrigo Vera 
490 0 |a Estudios 
999 |c 358182  |d 358180 
952 |0 0  |1 0  |3 erb  |4 0  |6 344_010000000000000_PER_2014  |7 0  |8 A  |9 466727  |a BIBDER  |b BIBDER  |i 5134129  |o 344.01 PER 2014  |p 5134129  |r 2023-01-25  |w 2019-11-23  |y BK  |z Catalogado en:20150109  |k DER